[Event "US Open"]
[Site "Vancouver, WA"]
[Date "2012.08.10"]
[Round "6"]
[White "Aaron, Deepak (NY)"]
[Black "Koontz, Carl (OR)"]
[Result "1-0"]
[WhiteElo "2353"]
[BlackElo "2035"]
[PlyCount "65"]

1.e4 d6 2.d4 g6 3.Nc3 Bg7 4.Be3 c6 5.f3 Nf6 6.Qd2 O-O 7.Nge2
Na6 8.g4 c5 9.Ng3 cxd4 10.Bxd4 h6 11.h4 Nd7 12.Bxg7 Kxg7 13.f4
Ndc5 14.f5 Bd7 15.O-O-O Qa5 16.g5 h5 17.f6+ exf6 18.gxf6+ Kh7
19.Qg5 Rfe8 20.Nf5 Bxf5 21.exf5 Re5 22.fxg6+ fxg6 23.Qg3 Qb4
24.Bh3 Qc4 25.Rxd6 Rae8 26.Bd7 Re3 27.f7 Qxf7 28.Bxe8 Rxe8 29.Rg1
Re6 30.Rxe6 Qxe6 31.Re1 Qf6 32.Nd5 Qf5 33.Qd6 1-0

[Event "US Open - Denker HS"]
[Site "Vancouver, WA"]
[Date "2012.08.05"]
[Round "2"]
[White "Aaron, Deepak (NY)"]
[Black "Yan, Gaibo  (PA)"]
[Result "1/2-1/2"]
[WhiteElo "2353"]
[BlackElo "2149"]
[PlyCount "90"]

1.e4 c5 2.Nf3 d6 3.d4 cxd4 4.Nxd4 Nf6 5.Nc3 g6 6.Be3 Bg7 7.f3
Nc6 8.Qd2 O-O 9.Bc4 Bd7 10.O-O-O Ne5 11.Bb3 Rc8 12.Kb1 a6 13.h4
h5 14.Bh6 Nc4 15.Bxc4 Rxc4 16.Nde2 Qa5 17.g4 hxg4 18.h5 gxh5
19.Qc1 Qe5 20.Bxg7 Kxg7 21.f4 Qc5 22.f5 Rh8 23.Nd5 Rxe4 24.Ng3
Rd4 25.Nxh5+ Rxh5 26.Nxf6 exf6 27.Rxd4 Rxh1 28.Rxg4+ Kf8 29.Qxh1
Bxf5 30.Rg2 Be4 31.Qh6+ Ke7 32.Re2 Qg1+ 33.Qc1 Qxc1+ 34.Kxc1
f5 35.Kd2 Ke6 36.Ke3 Ke5 37.Rf2 Bd5 38.a3 Be4 39.c3 Kd5 40.Rd2+
Ke5 41.Rf2 Kd5 42.b3 Ke5 43.a4 Bd5 44.c4 Bc6 45.a5 d5 1/2-1/2

[Event "US Open - Denker HS"]
[Site "Vancouver, WA"]
[Date "2012.08.07"]
[Round "6"]
[White "Aaron, Deepak (NY)"]
[Black "Yang, Darwin (TX)"]
[Result "1/2-1/2"]
[WhiteElo "2353"]
[BlackElo "2594"]
[PlyCount "85"]

1.e4 e5 2.Nf3 Nc6 3.d4 exd4 4.Nxd4 Bb4+ 5.c3 Bc5 6.Be3 Bb6 7.Bc4
Nge7 8.Qh5 O-O 9.O-O d6 10.Nf3 Bxe3 11.fxe3 h6 12.Na3 Be6 13.Bxe6
fxe6 14.Qg4 Qd7 15.Nd4 Nxd4 16.exd4 Rxf1+ 17.Rxf1 Rf8 18.Rxf8+
Kxf8 19.d5 Kf7 20.Nc2 Qc8 21.Nd4 exd5 22.Qf3+ Kg8 23.exd5 c6
24.dxc6 bxc6 25.Qe4 Qd7 26.b4 Kf7 27.c4 c5 28.Nb5 a6 29.Qf4+
Ke6 30.Qg4+ Nf5 31.Qe4+ Kf6 32.Nc3 cxb4 33.Nd5+ Kf7 34.Qf3 Ke8
35.Nxb4 Qe6 36.Nxa6 Qxc4 37.Qxf5 Qxa6 38.Qe6+ Kf8 39.Kf2 Qb6+
40.Kf3 Qc5 41.Qb3 Qf5+ 42.Kg3 Qe5+ 43.Kh3 1/2-1/2

[Event "US Open"]
[Site "Vancouver, WA"]
[Date "2012.08.10"]
[Round "6"]
[White "Ackerman, Ryan  (WA)"]
[Black "Karman, Allan  (CA)"]
[Result "1-0"]
[WhiteElo "1903"]
[BlackElo "2127"]
[PlyCount "53"]

1.d4 Nf6 2.c4 e6 3.Nc3 Bb4 4.Qc2 b6 5.e4 Bxc3+ 6.bxc3 d6 7.f4
e5 8.Nf3 Bb7 9.Bd3 Nbd7 10.O-O Qe7 11.fxe5 dxe5 12.Bg5 h6 13.Bxf6
gxf6 14.Nh4 O-O-O 15.c5 exd4 16.cxd4 bxc5 17.Nf5 Qe6 18.d5 Qe5
19.Rab1 Nb6 20.Qxc5 Kb8 21.a4 Bxd5 22.exd5 Rxd5 23.Qc2 Qe8 24.Be4
Re5 25.Rfe1 a5 26.Nd4 Kc8 27.Rxb6 1-0

[Event "US Open - Barber K-8"]
[Site "Vancouver, WA"]
[Date "2012.08.07"]
[Round "6"]
[White "Bukkarayasamudram, Raghurama  (GA)"]
[Black "Pereira, Royce Trentin  (NV)"]
[Result "1/2-1/2"]
[WhiteElo "1591"]
[BlackElo "1660"]
[PlyCount "61"]

1.d4 Nf6 2.c4 e5 3.dxe5 Ng4 4.Bf4 Nc6 5.Nf3 Bb4+ 6.Nbd2 Qe7 7.a3
Ngxe5 8.Nxe5 Nxe5 9.e3 Bxd2+ 10.Qxd2 d6 11.Be2 Be6 12.Qc3 f6
13.b4 c6 14.O-O Qf7 15.Rac1 O-O 16.Rfd1 Rad8 17.a4 Qc7 18.b5
Rd7 19.h3 Rfd8 20.Qa3 Qa5 21.Qc3 Qxc3 22.Rxc3 cxb5 23.cxb5 d5
24.a5 d4 25.exd4 Rxd4 26.Rxd4 Rxd4 27.Be3 Ra4 28.a6 bxa6 29.bxa6
Bc4 30.Bxc4+ Nxc4 31.Bxa7 1/2-1/2

[Event "US Open"]
[Site "Vancouver, WA"]
[Date "2012.08.10"]
[Round "6"]
[White "Edwards, Derek  (WA)"]
[Black "Morrow, Hans (UT)"]
[Result "1-0"]
[WhiteElo "2163"]
[BlackElo "1900"]
[PlyCount "89"]

1.e4 c5 2.Nf3 d6 3.d4 cxd4 4.Nxd4 Nf6 5.Nc3 a6 6.f3 Nc6 7.Bg5
e6 8.Qd2 Be7 9.O-O-O Qc7 10.h4 h6 11.Be3 Nxd4 12.Bxd4 e5 13.Be3
b5 14.g4 Be6 15.Rh2 Rd8 16.g5 Ng8 17.Nd5 Bxd5 18.exd5 f5 19.gxf6
Bxf6 20.Bd3 Ne7 21.Qg2 Qd7 22.Be4 Kf7 23.Rg1 Rdg8 24.h5 Kf8 25.Qf1
Kf7 26.f4 Rc8 27.Rhg2 Ke8 28.Qd3 Qh3 29.fxe5 Bxe5 30.Bg6+ Kd7
31.Rg4 Rhf8 32.Be4 Qxh5 33.a4 Rb8 34.axb5 Rxb5 35.Bd4 Rfb8 36.b3
g5 37.Bf5+ Kd8 38.Bxe5 dxe5 39.d6 Nxf5 40.Qxf5 Rc8 41.Qf6+ Kd7
42.Qe7+ Kc6 43.Rc4+ Rc5 44.Rxc5+ Kxc5 45.d7+ 1-0

[Event "US Open - Barber K-8"]
[Site "Vancouver, WA"]
[Date "2012.08.06"]
[Round "4"]
[White "Fishbein, Matthew  (ME)"]
[Black "Katz, Gabriel  (VT)"]
[Result "1-0"]
[WhiteElo "2108"]
[BlackElo "1922"]
[PlyCount "75"]

1.d4 Nf6 2.c4 g6 3.Nc3 Bg7 4.e4 d6 5.f3 O-O 6.Be3 Nbd7 7.Qd2
c5 8.d5 Qa5 9.a4 a6 10.Ra3 Qb4 11.a5 b5 12.cxb5 axb5 13.Nxb5
Ne8 14.Qxb4 cxb4 15.Rb3 Rxa5 16.Rxb4 Ba6 17.Nh3 Bxb5 18.Rxb5
Ra2 19.Bc1 Ra1 20.Kd1 Nc7 21.Rb3 Rc8 22.Ra3 Bxb2 23.Rxa1 Bxa1
24.Be2 Nc5 25.Be3 Ne8 26.Ke1 Rb8 27.Kf2 Bc3 28.Rc1 Bb4 29.Ra1
Nc7 30.Nf4 g5 31.Nh5 f6 32.Ng3 Kf7 33.Nf5 Ra8 34.Rb1 Rb8 35.Nd4
N7a6 36.Nc6 Rb7 37.Nd8+ Ke8 38.Nxb7 1-0

[Event "US Open - Barber K-8"]
[Site "Vancouver, WA"]
[Date "2012.08.05"]
[Round "2"]
[White "Grabinsky, Aaron  (OR)"]
[Black "Tang, Andrew (MN)"]
[Result "0-1"]
[WhiteElo "1624"]
[BlackElo "2253"]
[PlyCount "80"]

1.f4 d5 2.Nf3 g6 3.c3 Nf6 4.d4 Bg7 5.e3 O-O 6.Bd3 Bf5 7.Ne5 c6
8.b3 Bxd3 9.Qxd3 Ne4 10.Nd2 f5 11.O-O Nd7 12.Nxe4 fxe4 13.Qe2
Nxe5 14.fxe5 Rxf1+ 15.Kxf1 Qd7 16.Ba3 h5 17.Kg1 Bh6 18.Rf1 Rf8
19.Rxf8+ Kxf8 20.Kf1 b6 21.Ke1 Qc8 22.Kd2 c5 23.Qb5 Qf5 24.Qe2
Kf7 25.h3 e6 26.g4 hxg4 27.hxg4 Qg5 28.Qf2+ Kg8 29.Qg3 Bf8 30.Ke2
cxd4 31.Bxf8 d3+ 32.Kd2 Kxf8 33.Qh2 Kg7 34.Qg3 Kg8 35.b4 b5 36.a3
a6 37.Ke1 Qh6 38.g5 Qh1+ 39.Kf2 d2 40.Qg4 Qf3+ 0-1

[Event "US Open"]
[Site "Vancouver, WA"]
[Date "2012.08.10"]
[Round "6"]
[White "Graves, John  (WA)"]
[Black "He, Daniel (WA)"]
[Result "1-0"]
[WhiteElo "2206"]
[BlackElo "2030"]
[PlyCount "61"]

1.d4 Nf6 2.c4 e6 3.Nc3 Bb4 4.e3 c5 5.Nge2 cxd4 6.exd4 d5 7.a3
Be7 8.Nf4 dxc4 9.Bxc4 O-O 10.O-O Bd6 11.Ba2 e5 12.dxe5 Bxe5 13.Bxf7+
Kxf7 14.Qb3+ Ke8 15.Re1 Nc6 16.Qb5 Bd7 17.Nd3 Ng4 18.Bf4 Rxf4
19.Nxf4 Qh4 20.Nh3 Kd8 21.f3 Nxh2 22.Qd5 Kc8 23.Rxe5 Nxf3+ 24.Qxf3
Nxe5 25.Qf8+ Qd8 26.Qxg7 Qb6+ 27.Kh1 Nc6 28.Nd5 Qc5 29.Rd1 a5
30.Qg3 Nd8 31.b4 1-0

[Event "US Open"]
[Site "Vancouver, WA"]
[Date "2012.08.10"]
[Round "6"]
[White "He, Samuel (WA)"]
[Black "Lessler, Peter  (WA)"]
[Result "0-1"]
[WhiteElo "1993"]
[BlackElo "2177"]
[PlyCount "74"]

1.d4 d5 2.Bf4 Nf6 3.e3 c5 4.c3 Nc6 5.Nd2 e6 6.Ngf3 Be7 7.Bd3
Nh5 8.Bg3 Bd7 9.Qb1 g6 10.O-O Nxg3 11.hxg3 O-O 12.dxc5 Bxc5 13.Rd1
Qc7 14.a3 Rfd8 15.e4 Qxg3 16.Rf1 Bb6 17.Qe1 Qf4 18.Nb3 Ne5 19.Nxe5
Qxe5 20.Rd1 Ba4 21.Bc2 dxe4 22.Nd4 Bxc2 23.Nxc2 Rxd1 24.Qxd1
Rd8 25.Qe2 Qf4 26.Ne3 Rd3 27.Re1 Bxe3 28.fxe3 Qg3 29.a4 Kf8 30.Kh1
Ke7 31.Kg1 h5 32.Kh1 h4 33.a5 h3 34.gxh3 Qxh3+ 35.Kg1 Qg3+ 36.Kh1
Rd5 37.Qc4 Rh5# 0-1

[Event "US Open - Barber K-8"]
[Site "Vancouver, WA"]
[Date "2012.08.05"]
[Round "2"]
[White "Kannan, Suganth (FL)"]
[Black "Parhi, Sanjay  (WV)"]
[Result "1-0"]
[WhiteElo "1682"]
[BlackElo "1072"]
[PlyCount "53"]

1.e4 e5 2.Bc4 Nf6 3.d3 Be7 4.Nc3 O-O 5.f4 Nc6 6.f5 Nd4 7.Nf3
Bb4 8.Bg5 h6 9.Bh4 c6 10.a3 Nxf3+ 11.Qxf3 Qa5 12.O-O Bxc3 13.bxc3
d5 14.Bxf6 gxf6 15.exd5 cxd5 16.Bxd5 Qc5+ 17.Kh1 Qxc3 18.Qh5
Qd4 19.Qg6+ Kh8 20.Qxh6+ Kg8 21.Qg6+ Kh8 22.Qxf6+ Kg8 23.Qg6+
Kh8 24.Bxf7 Rxf7 25.Qxf7 b6 26.f6 Bf5 27.Qg7# 1-0

[Event "US Open - Barber K-8"]
[Site "Vancouver, WA"]
[Date "2012.08.06"]
[Round "4"]
[White "Kannan, Suganth (FL)"]
[Black "Rajasekaran, Vignesh  (VA)"]
[Result "0-1"]
[WhiteElo "1682"]
[BlackElo "1978"]
[PlyCount "70"]

1.e4 c5 2.Nf3 e6 3.d4 cxd4 4.Nxd4 Nc6 5.Be3 Nf6 6.Nc3 Bb4 7.f3
d5 8.Bd3 e5 9.Nxc6 bxc6 10.Bd2 O-O 11.O-O Rb8 12.Qe1 Re8 13.Rd1
Qe7 14.Kh1 Bd7 15.Qh4 d4 16.Ne2 Bxd2 17.Rxd2 Rxb2 18.Rg1 Nd5
19.Qh5 Nb4 20.Nc1 Nxd3 21.Nxd3 Rxa2 22.Re1 h6 23.f4 exf4 24.Nxf4
Qb4 25.Rde2 Rxc2 26.Nd3 Rxe2 27.Qxe2 Qe7 28.Qf2 c5 29.Rf1 Bb5
30.Qd2 c4 31.Nf4 c3 32.Qxd4 Bxf1 33.Nh5 Qg5 34.Ng3 Qd2 35.Qa4
Qxg2# 0-1

[Event "US Open"]
[Site "Vancouver, WA"]
[Date "2012.08.10"]
[Round "6"]
[White "Lee, Megan  (WA)"]
[Black "Thau, Peter  (CT)"]
[Result "1-0"]
[WhiteElo "2101"]
[BlackElo "1805"]
[PlyCount "55"]

1.e4 e6 2.d4 d5 3.e5 c5 4.c3 Nc6 5.Be3 Qb6 6.Qd2 Bd7 7.Nf3 cxd4
8.cxd4 Bb4 9.Nc3 Nge7 10.Bd3 Ng6 11.h4 f6 12.h5 Nf8 13.h6 gxh6
14.exf6 O-O-O 15.a3 Bxc3 16.bxc3 Ng6 17.Bxh6 Qc7 18.Ng5 Qf4 19.Bxg6
Qxd2+ 20.Kxd2 hxg6 21.Nf7 Rxh6 22.Rxh6 Rf8 23.Rh8 Rxh8 24.Nxh8
Kd8 25.Nxg6 Ke8 26.Rh1 Kf7 27.Ne5+ Nxe5 28.dxe5 1-0

[Event "US Open"]
[Site "Vancouver, WA"]
[Date "2012.08.10"]
[Round "6"]
[White "Lee, Nathan  (WA)"]
[Black "Goldberg, Mitchell (NY)"]
[Result "0-1"]
[WhiteElo "2123"]
[BlackElo "2207"]
[PlyCount "116"]

1.e4 e5 2.Nf3 Nc6 3.Bb5 a6 4.Ba4 d6 5.c3 Nf6 6.Qe2 Be7 7.Bxc6+
bxc6 8.d4 Nd7 9.dxe5 Nxe5 10.Nxe5 dxe5 11.O-O Qd6 12.b3 a5 13.Ba3
c5 14.Rd1 Qg6 15.c4 Bh3 16.f3 a4 17.Nc3 axb3 18.axb3 O-O 19.Na4
Bd6 20.Kh1 Bc8 21.Qf2 f5 22.exf5 Bxf5 23.Qe3 e4 24.Bxc5 exf3
25.gxf3 Bxh2 26.Kxh2 Rae8 27.Be7 Rf6 28.Ra2 Qh5+ 29.Kg1 Re6 30.Qg5
Rg6 31.Rg2 Rxg5 32.Bxg5 Qxf3 33.Rf1 Qh3 34.Nc5 Be4 35.Nxe4 Rxe4
36.Bf4 Qxb3 37.Bxc7 Qe3+ 38.Kh1 Rxc4 39.Bg3 Rc1 40.Rxc1 Qxc1+
41.Rg1 Qe3 42.Rg2 Kf7 43.Rf2+ Kg6 44.Rg2 Kf5 45.Bf2 Qf3 46.Kg1
g5 47.Be1 Qe3+ 48.Bf2 Qc1+ 49.Kh2 h5 50.Bg3 h4 51.Bf2 Qf1 52.Bxh4
gxh4 53.Rg5+ Ke4 54.Rg4+ Ke3 55.Rxh4 Qf2+ 56.Kh3 Qf3+ 57.Kh2
Kf2 58.Rf4 Qxf4+ 0-1

[Event "US Open"]
[Site "Vancouver, WA"]
[Date "2012.08.09"]
[Round "4"]
[White "Lee, Nathan  (WA)"]
[Black "Rehmeier, Thomas R  (MO)"]
[Result "1-0"]
[WhiteElo "2123"]
[BlackElo "1829"]
[PlyCount "55"]

1.e4 d5 2.exd5 Qxd5 3.Nc3 Qa5 4.Bc4 Nf6 5.d3 c6 6.Nge2 Bf5 7.O-O
e6 8.Ng3 Bg6 9.Be3 Be7 10.f4 Nbd7 11.Qf3 Rd8 12.Rae1 O-O 13.Kh1
Qc7 14.a4 Nb6 15.Bb3 Nbd5 16.Nxd5 Nxd5 17.Bxa7 b6 18.f5 Bxf5
19.Nxf5 Qxa7 20.Nxe7+ Qxe7 21.Qf2 Qc7 22.Re4 Ne7 23.Rxe6 fxe6
24.Bxe6+ Kh8 25.Qxf8+ Ng8 26.Qf4 Qe7 27.Bxg8 Rxg8 28.h3 1-0

[Event "US Open - Barber K-8"]
[Site "Vancouver, WA"]
[Date "2012.08.06"]
[Round "4"]
[White "Li, Zhaozhi  (IL)"]
[Black "Tang, Arthur  (NH)"]
[Result "1-0"]
[WhiteElo "2087"]
[BlackElo "1852"]
[PlyCount "89"]

1.d4 Nf6 2.c4 g6 3.g3 Bg7 4.Bg2 O-O 5.Nc3 d6 6.Nf3 Nbd7 7.O-O
Re8 8.e4 e5 9.h3 exd4 10.Nxd4 Nc5 11.Re1 Ne6 12.Nde2 Rb8 13.Be3
b6 14.Qc2 Nd7 15.Rad1 Bb7 16.Nd5 Nf6 17.Nec3 Nxd5 18.cxd5 Nc5
19.Nb5 a6 20.Nd4 a5 21.b3 Qd7 22.a3 Ra8 23.f3 Re7 24.Bf1 Ba6
25.Nc6 Ree8 26.Bxa6 Nxa6 27.Kg2 Nb8 28.Nd4 Na6 29.Rc1 Rac8 30.Nc6
Ra8 31.Bf4 h6 32.h4 Kh7 33.g4 Nc5 34.b4 axb4 35.axb4 Na4 36.Bd2
Kg8 37.Rb1 Bf6 38.Kg3 Kg7 39.g5 hxg5 40.hxg5 Be5+ 41.f4 Rh8 42.Rh1
Rxh1 43.Rxh1 Bb2 44.Be3 Qe8 45.Rh3 1-0

[Event "PCC Quads"]
[Site "Portland, OR"]
[Date "2012.08.21"]
[Round "2"]
[White "Miller, Russell (WA)"]
[Black "Hartig, Hugo  (OR)"]
[Result "1/2-1/2"]
[WhiteElo "1500"]
[BlackElo "1543"]
[PlyCount "52"]

1.d4 d5 2.c4 c6 3.e3 Nf6 4.Nc3 Bf5 5.Nf3 e6 6.a3 Nbd7 7.Nh4 Bg6
8.Nxg6 hxg6 {D} 9.Bd3 dxc4 10.Bxc4 Bd6 {D} 11.g3 Qc7 12.f4 Nb6
13.Bb3 O-O-O 14.Qe2 Be7 15.O-O Nfd5 {D} 16.Bd2 Nxc3 17.Bxc3 Nd5
18.Rac1 f5 19.Rfd1 g5 20.Bxd5 exd5 21.b4 b5 22.Rf1 g4 23.Qc2
g6 {D} 24.Ra1 Kb7 25.a4 a6 26.Rfe1 Ra8 {D} 1/2-1/2

[Event "US Open"]
[Site "Vancouver, WA"]
[Date "2012.08.09"]
[Round "4"]
[White "Mo, Kevin (PA)"]
[Black "Apte, Neel (CA)"]
[Result "1/2-1/2"]
[WhiteElo "2325"]
[BlackElo "2118"]
[PlyCount "43"]

1.e4 c5 2.Nf3 Nc6 3.d4 cxd4 4.Nxd4 g6 5.c4 Nf6 6.Nc3 Nxd4 7.Qxd4
d6 8.Be2 Bg7 9.Be3 O-O 10.Qd2 Bd7 11.O-O Bc6 12.f3 a5 13.b3 Nd7
14.Rfc1 Nc5 15.Rab1 Be5 16.Rc2 e6 17.Bg5 Qb6 18.Kh1 f5 19.exf5
Rxf5 20.Qe3 Qc7 21.a3 Qg7 22.h4 1/2-1/2

[Event "US Open"]
[Site "Vancouver, WA"]
[Date "2012.08.10"]
[Round "6"]
[White "Mo, Kevin (PA)"]
[Black "Tyagi, Kushan  (IA)"]
[Result "1-0"]
[WhiteElo "2325"]
[BlackElo "2086"]
[PlyCount "100"]

1.e4 c6 2.d4 d5 3.e5 Bf5 4.Nd2 e6 5.Nb3 Nd7 6.Nf3 Ne7 7.Be2 Nc8
8.O-O Be7 9.Be3 O-O 10.Ne1 f6 11.f4 fxe5 12.fxe5 Bg5 13.Qd2 Bxe3+
14.Qxe3 Ne7 15.Nd3 b6 16.g4 Bxd3 17.Bxd3 Ng6 18.Nd2 Qh4 19.Qg3
c5 20.Qxh4 Nxh4 21.c3 c4 22.Bc2 b5 23.a4 a6 24.axb5 axb5 25.Rxf8+
Rxf8 26.Ra7 Rf7 27.Ra8+ Rf8 28.Ra6 Rf4 29.Bd1 Kf7 30.Ra7 Ke7
31.Rb7 g5 32.Rxb5 Nf8 33.Rb7+ Kd8 34.h3 h6 35.Rg7 Ke8 36.Ba4+
Kd8 37.Rg8 Ke7 38.Rh8 Nfg6 39.Rxh6 Rf7 40.Bc2 Nf4 41.Kh2 Nd3
42.Rf6 Rxf6 43.exf6+ Kxf6 44.Bxd3 cxd3 45.Kg3 Ng6 46.Kf3 e5 47.Ke3
Nf4 48.dxe5+ Kxe5 49.Nf3+ Kf6 50.Ne1 Nxh3 1-0

[Event "US Open - Denker HS"]
[Site "Vancouver, WA"]
[Date "2012.08.06"]
[Round "4"]
[White "Ng, Andrew  (NJ)"]
[Black "Huang, David  (MS)"]
[Result "0-1"]
[WhiteElo "2306"]
[BlackElo "2046"]
[PlyCount "124"]

1.e4 c6 2.d4 d5 3.exd5 cxd5 4.c4 Nf6 5.Nc3 Nc6 6.Bg5 dxc4 7.d5
Ne5 8.Qd4 h6 9.Qxe5 hxg5 10.Bxc4 Bd7 11.Bb3 g4 12.Nge2 Rh5 13.Qf4
g6 14.Ng3 Bh6 15.Qd4 Rh4 16.O-O Kf8 17.Rfe1 Qb6 18.Qxb6 axb6
19.Rad1 Bf4 20.Rd4 Bd6 21.Nce4 Nxe4 22.Rdxe4 f5 23.Rd4 Kf7 24.Nf1
Bxh2+ 25.Nxh2 Rah8 26.f3 Rxh2 27.d6+ e6 28.fxg4 Rh1+ 29.Kf2 Rxe1
30.Kxe1 Kf6 31.gxf5 gxf5 32.Kf2 Ke5 33.Rb4 b5 34.a4 bxa4 35.Rxb7
Kxd6 36.Bd1 Bc6 37.Ra7 Rb8 38.Bf3 Rxb2+ 39.Kg3 Bxf3 40.gxf3 Ra2
41.Kf4 a3 42.Ra6+ Ke7 43.Kg3 Ra1 44.f4 a2 45.Kg2 Kd7 46.Ra7+
Kd6 47.Ra6+ Kd5 48.Ra5+ Kc4 49.Ra8 Kd3 50.Ra6 Kd4 51.Kh2 Ke3
52.Rxe6+ Kxf4 53.Ra6 Kf3 54.Ra3+ Ke2 55.Ra7 f4 56.Ra8 f3 57.Re8+
Kf2 58.Ra8 Kf1 59.Kh1 f2 60.Kh2 Ke2 61.Re8+ Kd3 62.Rd8+ Ke4 0-1

[Event "US Open - Denker HS"]
[Site "Vancouver, WA"]
[Date "2012.08.05"]
[Round "2"]
[White "Omori, Michael  (WA)"]
[Black "Vibbert, Sean (IN)"]
[Result "0-1"]
[WhiteElo "2171"]
[BlackElo "2315"]
[PlyCount "160"]

1.e4 c5 2.c3 d5 3.exd5 Qxd5 4.d4 Nf6 5.Nf3 Bg4 6.dxc5 Qxd1+ 7.Kxd1
e5 8.b4 e4 9.h3 Bh5 10.g4 Nxg4 11.hxg4 Bxg4 12.Nbd2 exf3 13.Bd3
Be7 14.Be4 Nc6 15.Re1 Kf8 16.Kc2 a5 17.b5 Nd8 18.Nxf3 Bxf3 19.Bxf3
Bxc5 20.Be3 Bxe3 21.Rxe3 g6 22.Rd1 h5 23.Bg2 g5 24.Rd5 Ne6 25.Rf5
Re8 26.Bxb7 h4 27.Bc6 Re7 28.b6 Nd8 29.Rxe7 Kxe7 30.Bh1 Rh6 31.Rb5
Rf6 32.Rxg5 Rxb6 33.Rh5 Rf6 34.f3 Rf4 35.Rxa5 Nc6 36.Rc5 Kd6
37.Rh5 Ne5 38.Kd2 Ra4 39.Ke3 Ng6 40.Rg5 Rxa2 41.f4 Ne7 42.Be4
h3 43.Rh5 h2 44.Bf3 f5 45.Be2 Nd5+ 46.Kf3 Rxe2 47.Rh6+ Re6 48.Rxh2
Re3+ 49.Kf2 Rxc3 50.Rh6+ Ke7 51.Rh7+ Kf6 52.Rh6+ Kg7 53.Rh4 Kg6
54.Kg2 Ne3+ 55.Kf2 Ng4+ 56.Kg2 Nf6 57.Rh8 Nh5 58.Rg8+ Kf7 59.Rg5
Nxf4+ 60.Kf1 Kf6 61.Rg8 Ke5 62.Re8+ Ne6 63.Kf2 f4 64.Ra8 Ke4
65.Re8 Rc2+ 66.Ke1 Kd5 67.Kf1 Nd4 68.Re7 Nf5 69.Re8 Kd4 70.Re6
Ng3+ 71.Kg1 Ne4 72.Ra6 Ke3 73.Ra3+ Rc3 74.Ra4 f3 75.Ra8 Rc1+
76.Kh2 f2 77.Ra3+ Ke2 78.Rb3 Nd2 79.Ra3 Nf3+ 80.Kg3 f1Q 0-1

[Event "US Open"]
[Site "Vancouver, WA"]
[Date "2012.08.10"]
[Round "5"]
[White "Rehmeier, Thomas R  (MO)"]
[Black "Samuel, Joshua  (CO)"]
[Result "1/2-1/2"]
[WhiteElo "1829"]
[BlackElo "2006"]
[PlyCount "95"]

1.d4 e6 2.Nf3 Nf6 3.e3 d5 4.Bd3 Bd6 5.Nc3 Nbd7 6.O-O O-O 7.e4
dxe4 8.Nxe4 Nxe4 9.Bxe4 Nf6 10.Bd3 h6 11.Re1 b6 12.c3 Bb7 13.Ne5
c5 14.Bc2 cxd4 15.Qxd4 Bc5 16.Qh4 Re8 17.Ng4 Nxg4 18.Qxg4 Qf6
19.Be3 Rac8 20.Rad1 Bxe3 21.Rxe3 Rc5 22.Rg3 Rg5 23.Qh3 Re5 24.Re3
Rg5 25.Rg3 Rxg3 26.Qxg3 g6 27.Qd3 Qg5 28.f3 Qc5+ 29.Qd4 Qxd4+
30.Rxd4 Re7 31.Kf2 Rc7 32.Bd3 Kf8 33.Ke3 e5 34.Rh4 Kg7 35.Rb4
f5 36.g4 Kf6 37.h4 Rd7 38.Bb5 Rd6 39.Ra4 a5 40.Rc4 Bd5 41.Rc7
fxg4 42.fxg4 Be6 43.Bc4 Bxc4 44.Rxc4 h5 45.gxh5 gxh5 46.Ke4 Ke7
47.Kxe5 Rd2 48.Rc7+ 1/2-1/2

[Event "US Open"]
[Site "Vancouver, WA"]
[Date "2012.08.09"]
[Round "4"]
[White "Riddell, John  (NY)"]
[Black "Fields, Noah (WA)"]
[Result "1/2-1/2"]
[WhiteElo "2200"]
[BlackElo "1837"]
[PlyCount "49"]

1.e4 c5 2.Nf3 e6 3.d4 cxd4 4.Nxd4 a6 5.Bd3 Qc7 6.O-O Nf6 7.c4
Nc6 8.Be3 Be7 9.Qe2 Nb4 10.h3 Nxd3 11.Qxd3 d6 12.Nc3 Bd7 13.Rac1
Rc8 14.b3 O-O 15.f4 e5 16.Nde2 Bc6 17.f5 Qd7 18.a4 Rb8 19.a5
b5 20.axb6 Bd8 21.Rfd1 Bxb6 22.Nd5 Bxd5 23.exd5 Bxe3+ 24.Qxe3
Qxf5 25.Ra1 1/2-1/2

[Event "US Open"]
[Site "Vancouver, WA"]
[Date "2012.08.10"]
[Round "6"]
[White "Riddell, John  (NY)"]
[Black "Saputra, Yogi  (OR)"]
[Result "1/2-1/2"]
[WhiteElo "2200"]
[BlackElo "1990"]
[PlyCount "21"]

1.e4 c5 2.d4 cxd4 3.c3 dxc3 4.Nxc3 Nc6 5.Nf3 d6 6.Bc4 e6 7.Bf4
Be7 8.O-O e5 9.Be3 Nf6 10.b4 O-O 11.Qb3 1/2-1/2

[Event "US Open - Denker HS"]
[Site "Vancouver, WA"]
[Date "2012.08.05"]
[Round "2"]
[White "Rozovsky, Daniel  (CT)"]
[Black "Yang, Darwin (TX)"]
[Result "0-1"]
[WhiteElo "2231"]
[BlackElo "2594"]
[PlyCount "100"]

1.e4 e6 2.d4 d5 3.e5 c5 4.dxc5 Nc6 5.Nf3 Bxc5 6.Bd3 Nge7 7.O-O
Ng6 8.Re1 O-O 9.Nc3 a6 10.a4 Qc7 11.Bxg6 hxg6 12.Bf4 Rd8 13.Bg3
Qb6 14.Rb1 Bd7 15.Ng5 Qb4 16.Qf3 Be8 17.Bf4 Rac8 18.Bd2 Qh4 19.g3
Qh5 20.Qg2 Nd4 21.Rbc1 Be7 22.g4 Qh4 23.Nf3 Nxf3+ 24.Qxf3 d4
25.Ne4 Bxa4 26.Nd6 Bxd6 27.exd6 Rxd6 28.Bf4 Rd5 29.Bg3 Qh3 30.Qa3
Bxc2 31.Re2 d3 32.Rd2 Qxg4 33.Qe7 b5 34.Qb7 Rdc5 35.Qg2 Qb4 36.f3
Qxb2 37.Re1 Qc3 38.Re4 b4 39.Bd6 b3 40.Bxc5 Qxc5+ 41.Kh1 b2 42.Re1
Rb8 43.Qg3 b1Q 44.Rxb1 Rxb1+ 45.Rd1 Rxd1+ 46.Kg2 Rg1+ 47.Kh3
Qh5+ 48.Qh4 Qxf3+ 49.Qg3 Qf5+ 50.Kh4 Qh5# 0-1

[Event "US Open"]
[Site "Vancouver, WA"]
[Date "2012.08.10"]
[Round "6"]
[White "Serna, Jeffrey  (NM)"]
[Black "Vibbert, Sean (IN)"]
[Result "0-1"]
[WhiteElo "2048"]
[BlackElo "2315"]
[PlyCount "42"]

1.e4 c5 2.g3 Nc6 3.Bg2 g6 4.Ne2 Bg7 5.O-O e6 6.c3 d5 7.d3 Nge7
8.Na3 O-O 9.Bf4 a6 10.Qd2 b5 11.Nc2 Bb7 12.a4 Qb6 13.Bd6 Rfd8
14.a5 Qa7 15.Bc7 dxe4 16.Bxe4 Ne5 17.Bxd8 Bxe4 18.Qe3 Nf3+ 19.Kh1
Bc6 20.Bxe7 Qxe7 21.Ng1 Nd4+ 0-1

[Event "US Open"]
[Site "Vancouver, WA"]
[Date "2012.08.09"]
[Round "4"]
[White "Shabalov, Alexander (PA)"]
[Black "Schmakel, Sam (IL)"]
[Result "1-0"]
[WhiteElo "2619"]
[BlackElo "2244"]
[PlyCount "67"]

1.c4 Nf6 2.Nc3 d5 3.cxd5 Nxd5 4.g3 e5 5.Bg2 Nb6 6.e3 g6 7.b3
Nc6 8.Nge2 Nb4 9.O-O Nd3 10.f4 exf4 11.Nxf4 Nxc1 12.Qxc1 Bg7
13.Qa3 Bxc3 14.dxc3 Qe7 15.Qa5 O-O 16.e4 Re8 17.Nd5 Nxd5 18.exd5
Bf5 19.c4 Qe3+ 20.Rf2 Qd4 21.Raf1 Bd3 22.Re1 b6 23.Qd2 Kf8 24.Rd1
Re3 25.d6 Rae8 26.dxc7 Qc5 27.Qc3 Bf5 28.Qh8+ Ke7 29.Qxh7 Qxc7
30.Bd5 Kf8 31.Qh8+ Ke7 32.Qg7 Rf8 33.Rxf5 Rxg3+ 34.Kh1 1-0

[Event "US Open"]
[Site "Vancouver, WA"]
[Date "2012.08.10"]
[Round "6"]
[White "Shabalov, Alexander (PA)"]
[Black "Shetty, Atulya (MI)"]
[Result "1/2-1/2"]
[WhiteElo "2619"]
[BlackElo "2400"]
[PlyCount "141"]

1.d4 d5 2.c4 c6 3.Nc3 Nf6 4.Nf3 a6 5.a4 e6 6.g3 Bb4 7.Bg2 Ne4
8.Qd3 O-O 9.O-O f5 10.Bf4 Nd7 11.Qc2 a5 12.Ne5 Nxe5 13.Bxe5 Bd6
14.Bxd6 Qxd6 15.c5 Qe7 16.Nxe4 fxe4 17.f3 exf3 18.exf3 Qc7 19.f4
b6 20.Rac1 Rb8 21.Rf2 Bd7 22.Bh3 b5 23.Ra1 bxa4 24.Rxa4 Rb5 25.Bf1
Rb7 26.Ba6 Ra7 27.Bd3 g6 28.h4 Be8 29.Qe2 Bf7 30.Qg4 Qe7 31.Ra1
Qf6 32.h5 Kg7 33.hxg6 Bxg6 34.Re1 Qxd4 35.Bxg6 hxg6 36.Rxe6 Rf6
37.Re8 Qxc5 38.Qc8 Rf8 39.Rxf8 Qxf8 40.Qxc6 Qf7 41.Qc5 Rc7 42.Qxa5
Rc1+ 43.Rf1 Qe7 44.Qa3 Qxa3 45.bxa3 Rc3 46.Ra1 Rxg3+ 47.Kf2 Rb3
48.a4 Rb6 49.a5 Ra6 50.Ke3 Kf6 51.Ra3 Kf5 52.Ra4 d4+ 53.Kf3 g5
54.fxg5 Kxg5 55.Ke4 Kf6 56.Kxd4 Ke7 57.Kc5 Kd7 58.Kb5 Rh6 59.Rc4
Rh1 60.Kb6 Rb1+ 61.Ka7 Ra1 62.a6 Rb1 63.Rh4 Kc7 64.Rh7+ Kc8 65.Rb7
Ra1 66.Rb4 Kc7 67.Rc4+ Kd7 68.Kb7 Rb1+ 69.Ka8 Ra1 70.a7 Rb1 71.Rd4+ 1/2-1/2

[Event "US Open"]
[Site "Vancouver, WA"]
[Date "2012.08.10"]
[Round "6"]
[White "Shaw, Tenzing (IL)"]
[Black "Silberman, Sam  (FL)"]
[Result "1/2-1/2"]
[WhiteElo "2270"]
[BlackElo "2056"]
[PlyCount "92"]

1.e4 e5 2.Nf3 Nc6 3.Bb5 a6 4.Ba4 Nf6 5.O-O Be7 6.Re1 b5 7.Bb3
d6 8.c3 O-O 9.h3 Nb8 10.d4 Nbd7 11.a4 Bb7 12.Bc2 c5 13.b3 Qc7
14.d5 Nb6 15.a5 Nbd7 16.Nbd2 Rfe8 17.Nf1 Bf8 18.g4 g6 19.Ng3
h6 20.Be3 Kh7 21.Kg2 Bg7 22.Rh1 Bc8 23.g5 Ng8 24.gxh6 Bxh6 25.Ng5+
Kg7 26.h4 Ndf6 27.f3 Nh5 28.Nxh5+ gxh5 29.Qd2 f6 30.Kf2 Kh8 31.Nf7+
Qxf7 32.Bxh6 Qh7 33.Be3 Re7 34.Ke2 Bd7 35.Raf1 Rf8 36.b4 c4 37.Kd1
Be8 38.f4 Rff7 39.f5 Rg7 40.Rfg1 Ref7 41.Ke1 Ne7 42.Bd1 Rxg1+
43.Rxg1 Rg7 44.Qf2 Qg8 45.Rxg7 Qxg7 46.Bf3 Nc8 1/2-1/2

[Event "US Open"]
[Site "Vancouver, WA"]
[Date "2012.08.09"]
[Round "4"]
[White "Sheng, Joshua  (CA)"]
[Black "Bragg, David  (WA)"]
[Result "1-0"]
[WhiteElo "2079"]
[BlackElo "2200"]
[PlyCount "67"]

1.e4 c6 2.d4 d5 3.f3 g6 4.Nc3 Bg7 5.Be3 a6 6.a4 b6 7.Qd2 Ra7
8.a5 b5 9.b4 Rd7 10.e5 Rb7 11.Nge2 h5 12.Nc1 Bf5 13.Bd3 Nd7 14.Bxf5
gxf5 15.Nd3 e6 16.Ne2 Nf8 17.Bg5 Bh6 18.Bxh6 Rxh6 19.O-O-O Rh7
20.Rdg1 Ne7 21.g3 Neg6 22.h3 f6 23.f4 Rbf7 24.Qc3 Qc8 25.Rh2
fxe5 26.fxe5 Rh6 27.Rhg2 Rfh7 28.Kb2 Nh8 29.Nef4 Nf7 30.g4 fxg4
31.hxg4 hxg4 32.Rxg4 Rh4 33.Rg8 Nh6 34.Rxf8+ 1-0